[Event "BCF-chT2c 1516 (4NCL)"]
[Site "England"]
[Date "2016.05.01"]
[Round "10.223"]
[White "Hoffmann, Hendrik"]
[Black "Ball, Laurence"]
[Result "1-0"]
[WhiteElo "2284"]
[BlackElo "2093"]
[PlyCount "87"]
[EventDate "2015.11.14"]
[EventType "team-swiss"]
[EventRounds "11"]
[EventCountry "ENG"]
[SourceTitle "EXT 2017"]
[Source "ChessBase"]
[SourceDate "2016.10.25"]
[SourceVersion "1"]
[SourceVersionDate "2016.10.25"]
[SourceQuality "1"]
[WhiteTeam "Celtic Tigers"]
[BlackTeam "KJCA Kings"]
[WhiteTeamCountry "ENG"]
[BlackTeamCountry "ENG"]

1. e4 d5 2. exd5 Qxd5 3. Nc3 Qd8 4. Bc4 Nf6 5. Nf3 a6 6. 0-0 b5 7. Bb3 e6 8. d4 Be7 9. Qe2 Bb7 10. Ne5 Nc6 11. Nxb5 0-0 12. Nxf7 Rxf7 13. Qxe6 axb5 14. Qxf7+ Kh8 15. Re1 Bd6 16. Bh6 Qf8 17. Qxf8+ Rxf8 18. Be3 Na5 19. Be6 h6 20. a4 b4 21. b3 Nd5 22. Bd2 Bc6 23. Re2 Kh7 24. g3 g6 25. f4 Kg7 26. Rf1 Nb7 27. Bh3 Nd8 28. Rfe1 h5 29. Bg2 Nf7 30. Re6 Nh6 31. Bc1 Nf5 32. Bb2 Kf7 33. R1e5 Nde7 34. Rxe7+ Nxe7 35. Rxe7+ Kxe7 36. Bxc6 Kd8 37. Kg2 Kc8 38. h4 Kb8 39. Kf3 Ka7 40. Bc1 Kb6 41. Be4 Rg8 42. d5 Be7 43. Be3+ Bc5 44. a5+ 1-0

[Event "BCF-chT2c 1516 (4NCL)"]
[Site "England"]
[Date "2016.04.30"]
[Round "9.233"]
[White "Ball, Laurence"]
[Black "Lewis, Alex"]
[Result "1-0"]
[WhiteElo "2093"]
[BlackElo "2177"]
[PlyCount "71"]
[EventDate "2015.11.14"]
[EventType "team-swiss"]
[EventRounds "11"]
[EventCountry "ENG"]
[SourceTitle "EXT 2017"]
[Source "ChessBase"]
[SourceDate "2016.10.25"]
[SourceVersion "1"]
[SourceVersionDate "2016.10.25"]
[SourceQuality "1"]
[WhiteTeam "KJCA Kings"]
[BlackTeam "Kings Head"]
[WhiteTeamCountry "ENG"]
[BlackTeamCountry "ENG"]

1. d4 Nf6 2. Nc3 g6 3. e4 d6 4. Nf3 Bg7 5. Be3 0-0 6. Qd2 Re8 7. h3 Nbd7 8. e5 dxe5 9. dxe5 Nh5 10. g4 Nxe5 11. Nxe5 Bxe5 12. gxh5 Bf5 13. 0-0-0 Qc8 14. hxg6 hxg6 15. Bg2 c6 16. f4 Bg7 17. Kb1 Qe6 18. Qe1 Qc4 19. Bf1 Qb4 20. a3 Qa5 21. Bd4 e5 22. fxe5 c5 23. Bf2 Bxe5 24. Bd3 Bg7 25. Qg1 Bxc3 26. bxc3 c4 27. Bxf5 Qxf5 28. Bd4 Re2 29. Rc1 Rae8 30. Rh2 Qb5+ 31. Ka1 Qa5 32. Rxe2 Qxa3+ 33. Kb1 Rxe2 34. Re1 Qe7 35. Rxe2 Qxe2 36. Qe3 1-0

[Event "BCF-chT2d 1415 (4NCL) Demotion pool"]
[Site "England"]
[Date "2015.05.03"]
[Round "10.19"]
[White "Reuben, Stewart"]
[Black "Ball, Laurence"]
[Result "1/2-1/2"]
[WhiteElo "2066"]
[BlackElo "2105"]
[PlyCount "86"]
[EventDate "2015.03.29"]
[EventType "team-tourn"]
[EventRounds "11"]
[EventCountry "ENG"]
[SourceTitle "EXT 2016"]
[Source "ChessBase"]
[SourceDate "2015.10.08"]
[SourceVersion "1"]
[SourceVersionDate "2015.10.08"]
[SourceQuality "1"]
[WhiteTeam "MK Phoenix"]
[BlackTeam "KJCA Kings"]
[WhiteTeamCountry "ENG"]
[BlackTeamCountry "ENG"]

1. c4 f5 2. Nc3 Nf6 3. d4 d6 4. Qc2 g6 5. e4 Bg7 6. Bd3 Nc6 7. Nf3 0-0 8. d5 Nb4 9. Qe2 Nxd3+ 10. Qxd3 fxe4 11. Nxe4 Nxe4 12. Qxe4 Bf5 13. Qe2 Bg4 14. Bg5 Qd7 15. 0-0-0 h6 16. Bh4 e5 17. dxe6 Qxe6 18. Qxe6+ Bxe6 19. Nd2 Rae8 20. b3 d5 21. Bg3 dxc4 22. bxc4 b5 23. cxb5 Bxa2 24. Nf3 Re4 25. Rd7 Rb4 26. Re1 Rb1+ 27. Kd2 Rb2+ 28. Kd3 Rxb5 29. Rc1 Be6 30. Rdxc7 Rb2 31. Rxa7 Bf5+ 32. Kc4 Be6+ 33. Kd3 Bf5+ 34. Kc4 Rc8+ 35. Rc7 Rxc7+ 36. Bxc7 Rxf2 37. Nd4 Bxd4 38. Kxd4 Rxg2 39. Be5 Rg4+ 40. Kd5 h5 41. Rc7 Re4 42. Ra7 Re2 43. Kd6 h4 1/2-1/2

[Event "BCF-chT2a 1415 (4NCL)"]
[Site "England"]
[Date "2014.11.15"]
[Round "1.34"]
[White "Ball, Laurence"]
[Black "Taylor, Adam C"]
[Result "1/2-1/2"]
[WhiteElo "2098"]
[BlackElo "2048"]
[PlyCount "137"]
[EventDate "2014.11.15"]
[EventType "team-tourn"]
[EventRounds "7"]
[EventCountry "ENG"]
[SourceTitle "CBM 163 Extra"]
[Source "ChessBase"]
[SourceDate "2014.12.23"]
[SourceVersion "1"]
[SourceVersionDate "2014.12.23"]
[SourceQuality "1"]
[WhiteTeam "KJCA Kings"]
[BlackTeam "Anglian Avengers"]
[WhiteTeamCountry "ENG"]
[BlackTeamCountry "ENG"]

1. e4 e5 2. Nc3 Nf6 3. Bc4 Nxe4 4. Nf3 Nd6 5. Bb3 Nc6 6. 0-0 Be7 7. Re1 0-0 8. Nxe5 Nxe5 9. Rxe5 Bf6 10. Re1 Nf5 11. Nd5 c6 12. Nxf6+ Qxf6 13. Qf3 d5 14. c3 Bd7 15. d4 Rae8 16. Bd2 Qg6 17. Bf4 Re6 18. Rxe6 Qxe6 19. Bc2 Re8 20. Bd3 Nh4 21. Qe3 Qxe3 22. Bxe3 Bf5 23. Bf1 h6 24. Re1 g5 25. f3 Bb1 26. Rxb1 Rxe3 27. Kf2 Re7 28. Bd3 Kg7 29. b4 Ng6 30. g3 Rc7 31. Ke3 Ne7 32. a4 Kf6 33. Kd2 a6 34. Re1 b5 35. Ra1 Ke6 36. axb5 axb5 37. Ra6 Kd7 38. g4 f6 39. Ke3 Rc8 40. Ra1 Kd6 41. Ra6 Kd7 42. f4 Rc7 43. Kf3 Rc8 44. Kg3 Rc7 45. h4 Rc8 46. hxg5 hxg5 47. fxg5 fxg5 48. Bf5+ Nxf5+ 49. gxf5 Re8 50. Kg4 Re3 51. Ra7+ Ke8 52. Kxg5 Rxc3 53. Kf6 Re3 54. Rc7 Re4 55. Rxc6 Rxd4 56. Ke6 Re4+ 57. Kxd5 Rxb4 58. Ke6 Re4+ 59. Kf6 b4 60. Rb6 Rh4 61. Rb8+ Kd7 62. Kf7 Kc7 63. Rg8 Kd6 64. f6 Rf4 65. Rg5 Rf3 66. Rb5 b3 67. Kg7 Kc6 68. Rb8 Kc5 69. f7 1/2-1/2

[Event "GBR-ch 100th"]
[Site "Torquay"]
[Date "2013.08.07"]
[Round "9"]
[White "Ball, Laurence"]
[Black "Jaunooby, Ali Reza"]
[Result "1/2-1/2"]
[WhiteElo "2108"]
[BlackElo "2170"]
[PlyCount "147"]
[EventDate "2013.07.29"]
[EventType "swiss"]
[EventRounds "11"]
[EventCountry "ENG"]
[SourceTitle "EXT 2014"]
[Source "ChessBase"]
[SourceDate "2013.11.20"]
[SourceVersion "1"]
[SourceVersionDate "2013.11.20"]
[SourceQuality "1"]

1. e4 g6 2. Nf3 Bg7 3. d4 d6 4. Nc3 a6 5. a4 Nf6 6. Be3 b6 7. Bd3 Bb7 8. Qd2 Ng4 9. Bg5 h6 10. Bh4 c5 11. d5 Nd7 12. 0-0 g5 13. Bg3 Nf8 14. h4 f6 15. Qe2 Qc8 16. h5 Nh7 17. Nd2 Ne5 18. Bxe5 fxe5 19. Nd1 0-0 20. Ne3 Qc7 21. f3 Nf6 22. g4 Bc8 23. Rfd1 Qb7 24. Ndf1 Bd7 25. c4 Rfb8 26. Nd2 Ne8 27. Nf5 Bf8 28. b3 Nc7 29. Ne3 Qc8 30. Rdb1 Qe8 31. Kg2 Qf7 32. Nf5 e6 33. dxe6 Nxe6 34. Kg3 Rd8 35. Nf1 Nf4 36. Qc2 Ne6 37. N1e3 Nd4 38. Qf2 Be6 39. Kg2 Kh7 40. Nxd4 exd4 41. Nf5 Kh8 42. Ra2 b5 43. Qc2 bxc4 44. bxc4 Qc7 45. Rab2 Rab8 46. Rxb8 Rxb8 47. Rxb8 Qxb8 48. Qe2 Kg8 49. e5 dxe5 50. Qe4 Qb2+ 51. Kh3 Qc1 52. Ng3 Bg7 53. Qa8+ Bf8 54. Qxa6 Bf7 55. Qb7 Bg7 56. Qc8+ Bf8 57. Qf5 Bg7 58. Qh7+ Kf8 59. Qf5 Kg8 60. a5 Bxc4 61. Qc8+ Bf8 62. Bxc4+ Qxc4 63. a6 Qa2 64. Ne4 Qf7 65. Qf5 Qc4 66. Nf6+ Kf7 67. Nd5+ Kg8 68. Qe6+ Kh8 69. Qxe5+ Bg7 70. Qe8+ Kh7 71. Qg6+ Kh8 72. Qe8+ Kh7 73. Qe4+ Kh8 74. Qe8+ 1/2-1/2

[Event "BCF-chT2b 1213 (4NCL)"]
[Site "England"]
[Date "2013.01.13"]
[Round "4.74"]
[White "Ball, Laurence"]
[Black "Coleman, David"]
[Result "0-1"]
[WhiteElo "2081"]
[BlackElo "2269"]
[PlyCount "42"]
[EventDate "2012.11.03"]
[EventType "team-tourn"]
[EventRounds "7"]
[EventCountry "ENG"]
[SourceTitle "EXT 2014"]
[Source "ChessBase"]
[SourceDate "2013.11.20"]
[SourceVersion "1"]
[SourceVersionDate "2013.11.20"]
[SourceQuality "1"]
[WhiteTeam "KJCA Kings"]
[BlackTeam "Barbican Youth"]
[WhiteTeamCountry "ENG"]
[BlackTeamCountry "ENG"]

1. d4 Nf6 2. Nc3 d5 3. Bg5 Nbd7 4. Nf3 h6 5. Bf4 c6 6. Qd2 e6 7. e3 Bb4 8. Bd3 c5 9. dxc5 Nxc5 10. Bb5+ Bd7 11. Bxd7+ Ncxd7 12. Qd4 Qa5 13. 0-0 Rc8 14. Nd1 Rxc2 15. a3 Rc4 16. Qd3 0-0 17. Ne5 Rcc8 18. Qe2 Be7 19. Nd3 Qa6 20. Nc3 Ne4 21. Nxe4 dxe4 0-1

[Event "GBR-ch 97th"]
[Site "Canterbury"]
[Date "2010.08.04"]
[Round "9"]
[White "Combie, Alexander"]
[Black "Ball, Laurence"]
[Result "0-1"]
[WhiteElo "2018"]
[BlackElo "2230"]
[PlyCount "136"]
[EventDate "2010.07.26"]
[EventType "swiss"]
[EventRounds "11"]
[EventCountry "ENG"]
[SourceTitle "CBM 137 Extra"]
[Source "ChessBase"]
[SourceDate "2010.09.01"]
[SourceVersion "1"]
[SourceVersionDate "2010.09.01"]
[SourceQuality "1"]

1. d4 f5 2. Nc3 Nf6 3. Bg5 d5 4. Bxf6 exf6 5. e3 Be6 6. Qf3 c6 7. Bd3 g6 8. h4 h5 9. Nce2 Bd6 10. Nf4 Bf7 11. 0-0-0 Qd7 12. Re1 0-0 13. Ngh3 Na6 14. c3 Nc7 15. Qd1 Ne6 16. Nxe6 Bxe6 17. Nf4 Bxf4 18. exf4 Qd6 19. Qd2 Kh7 20. f3 Rae8 21. g3 Bd7 22. Rxe8 Rxe8 23. Re1 Re6 24. Rxe6 Qxe6 25. Qe2 Kg7 26. Qxe6 Bxe6 27. b3 Kf7 28. c4 Ke7 29. c5 Kd7 30. Kd2 Kc7 31. g4 b6 32. cxb6+ Kxb6 33. g5 fxg5 34. fxg5 Kc7 35. b4 Bd7 36. Ke3 Kd6 37. Ba6 Be6 38. Kd3 Kc7 39. Kc3 Kb6 40. Be2 Bd7 41. Kd2 Be8 42. Ke3 Kc7 43. Bd3 Kd6 44. a4 Bd7 45. Kf4 Ke6 46. Ba6 Kd6 47. b5 c5 48. dxc5+ Kxc5 49. Ke5 d4 50. b6 axb6 51. Bd3 Bxa4 52. Kf6 Be8 53. Ke7 Bb5 54. Bb1 Kc4 55. Kf7 d3 56. Kxg6 Kc3 57. Bxd3 Bxd3 58. Kxh5 b5 59. g6 b4 60. g7 Bc4 61. Kg6 b3 62. h5 b2 63. h6 b1Q 64. h7 f4+ 65. Kh6 Qh1+ 66. Kg6 Bd3+ 67. Kg5 Qxh7 68. Kxf4 Qh6+ 0-1

[Event "GBR-ch 97th"]
[Site "Canterbury"]
[Date "2010.07.31"]
[Round "6"]
[White "Ball, Laurence"]
[Black "Messam Sparks, Lateefah"]
[Result "1/2-1/2"]
[WhiteElo "2230"]
[BlackElo "1904"]
[PlyCount "77"]
[EventDate "2010.07.26"]
[EventType "swiss"]
[EventRounds "11"]
[EventCountry "ENG"]
[SourceTitle "CBM 137 Extra"]
[Source "ChessBase"]
[SourceDate "2010.09.01"]
[SourceVersion "1"]
[SourceVersionDate "2010.09.01"]
[SourceQuality "1"]

1. e4 c5 2. Nf3 Nc6 3. d4 cxd4 4. Nxd4 e6 5. Nc3 a6 6. g3 Be7 7. Bg2 Qc7 8. 0-0 Nf6 9. Nb3 d6 10. f4 h5 11. Qe2 Bd7 12. a4 Na5 13. Nxa5 Qxa5 14. h3 Qb6+ 15. Qe3 Qxe3+ 16. Bxe3 e5 17. f5 Bc6 18. Rfd1 0-0 19. a5 Rfd8 20. Kf2 g6 21. fxg6 fxg6 22. Rd2 Rf8 23. Kg1 Rac8 24. Rad1 Kg7 25. Rd3 Rc7 26. R1d2 Kh7 27. Bg5 Kg7 28. Rf2 Ne8 29. Bxe7 Rxe7 30. Rxf8 Kxf8 31. Nd5 Bxd5 32. Rxd5 Rc7 33. c3 Ke7 34. Rd3 Nf6 35. Kf2 Rc4 36. Ke3 Rc5 37. b4 Rc4 38. Bh1 Ke6 39. Bg2 1/2-1/2